Flagi państw ze słońcem - Statystyki

Ogólne statystyki
  • Ten quiz został rozwiązany 358 razy
  • Średni wynik to 12 z 17
Statystyki odpowiedzi
Obrazkowy Odpowiedź % Poprawnych
Argentyna
99%
Japonia
98%
Macedonia Północna
97%
Bangladesz
95%
Kazachstan
91%
Kirgistan
91%
Urugwaj
91%
Filipiny
86%
Kiribati
81%
Antigua i Barbuda
78%
Malawi
76%
Tajwan
73%
Niger
69%
Nepal
51%
Rwanda
35%
Namibia
27%
Ekwador
6%
Nie znaleziono quizów pasujących do podanych kryteriów
Rozkład punktacji
Procent ludzi z każdym wynikiem
Percentyl według liczby udzielonych odpowiedzi
Twoja historia wyników
Nie rozwiązałeś tego quizu